[Event "Znojemska rotunda 2003"]
[Site "?"]
[Date "????.??.??"]
[Round "8"]
[White "Blazek, Milos"]
[Black "Kulovana, Eva"]
[Result "1/2-1/2"]
[WhiteElo "2090"]
[BlackElo "2039"]
[PlyCount "39"]

1. e4 e5 2. Nf3 Nc6 3. d4 exd4 4. Bc4 Nf6 5. O-O Nxe4 6. Re1 d5 7. Nc3 dxc4 8.
Rxe4+ Be6 9. Nxd4 Nxd4 10. Rxd4 Bd6 11. Ne4 Qe7 12. Nxd6+ ({
Po partii bily navrhl zajimave} 12. Rxd6 $5 {s tim, ze za kvalitu by mohl mit
pozicni kompenzaci. Podle vlastnich slov se pro obet z pragmatickych duvodu
neodhodlal proto, ze turnaj jiz vrcholil. Kdyby hral tuto pozici o nekolik kol
drive, pravdepodobne by 12.Vxd6!? riskl. Rosner}) 12... cxd6 13. Rxd6 O-O 14.
Bf4 Rfd8 15. Qd4 Rxd6 16. Bxd6 Qd7 17. Rd1 b6 18. Rd2 Rd8 19. Qh4 Qe8 20. Bb4
1/2-1/2

[Event "Znojemska rotunda 2003"]
[Site "?"]
[Date "????.??.??"]
[Round "8"]
[White "Rajnoha, Lubos"]
[Black "Trmac, Radek"]
[Result "0-1"]
[WhiteElo "1387"]
[BlackElo "1663"]
[PlyCount "56"]

1. c4 Nf6 2. d4 g6 3. Nc3 Bg7 4. e4 d6 5. f4 O-O 6. Nf3 c5 7. d5 e6 8. e5 dxe5
9. fxe5 Ng4 10. Bf4 exd5 11. Qxd5 Qb6 12. b3 Rd8 13. Qe4 Bf5 14. Qe2 Qb4 15.
Qb2 Re8 16. a3 Qb6 17. Nd5 Qc6 18. h3 Nf6 19. Ne3 Qe4 20. exf6 Bxf6 21. Qxf6
Qxf4 22. Be2 Qxe3 23. Qb2 Bd3 24. Ng1 Qg3+ 25. Kf1 Qf4+ 26. Ke1 Nc6 27. Qd2
Qg3+ 28. Kf1 Rad8 0-1

[Event "Znojemska rotunda 2003"]
[Site "?"]
[Date "????.??.??"]
[Round "9"]
[White "Vlk, Miroslav"]
[Black "Docekal, Jan"]
[Result "1/2-1/2"]
[WhiteElo "2063"]
[BlackElo "2012"]
[PlyCount "153"]

1. d4 Nf6 2. c4 e6 3. Nf3 Bb4+ 4. Bd2 Qe7 5. Nc3 Bxc3 6. Bxc3 Ne4 7. Qc2 f5 8.
e3 b6 9. Be2 Bb7 10. O-O d6 11. Qd3 Nd7 12. Nd2 Ndf6 13. f3 Nxc3 14. Qxc3 O-O
15. Bd3 Nd7 16. e4 f4 17. b4 a5 18. a3 Qf6 19. Rfc1 e5 20. d5 a4 21. Qc2 Ra7
22. Rab1 Rfa8 23. Rb2 Kh8 24. Rcb1 g5 25. Be2 h5 26. c5 dxc5 27. Bb5 c6 28.
dxc6 Bxc6 29. Bxc6 Qxc6 30. bxc5 bxc5 31. Nc4 Re8 32. Rd1 Re6 33. Qc3 Kh7 34.
Rbd2 Qb5 35. Rd5 Re7 36. Nxe5 Nxe5 37. Rxe5 Qb3 38. Rxe7+ Rxe7 39. Qd2 c4 40.
Qd5 Qb6+ 41. Kh1 Rg7 42. Qxc4 Qb3 43. Qd3 Qxd3 44. Rxd3 Rb7 45. h4 g4 46. fxg4
hxg4 47. Kg1 Rb3 48. Rd5 g3 49. Kf1 Rxa3 50. Ra5 Ra2 51. e5 a3 52. e6 Kg7 53.
h5 Rf2+ 54. Kg1 Rb2 55. Kf1 Rf2+ 56. Kg1 a2 57. h6+ Kxh6 58. e7 Re2 59. Kf1
Rxe7 60. Rxa2 Kg5 61. Ra5+ Kg4 62. Rb5 Rc7 63. Rb8 Rc4 64. Rf8 Rc5 65. Rg8+ Kf5
66. Rf8+ Ke4 67. Re8+ Re5 68. Ra8 Rd5 69. Re8+ Kd3 70. Rf8 Rd4 71. Re8 Rc4 72.
Rd8+ Ke3 73. Re8+ Re4 74. Ra8 Rd4 75. Re8+ Kd2 76. Ra8 Rc4 77. Rd8+ {
(179 min : 179 min)} 1/2-1/2

[Event "Znojemska rotunda 2003"]
[Site "?"]
[Date "????.??.??"]
[Round "9"]
[White "Talpa, Pavel"]
[Black "Mlensky, Dalibor"]
[Result "1/2-1/2"]
[WhiteElo "1870"]
[BlackElo "2085"]
[PlyCount "116"]

1. d4 d5 2. e3 Nf6 3. Bd3 g6 4. f4 Bg7 5. Nf3 c6 6. O-O Bg4 7. Nbd2 Nbd7 8. h3
Bf5 9. Ne5 h5 10. Qf3 h4 11. Re1 e6 12. e4 dxe4 13. Nxe4 Nxe4 14. Bxe4 Nf6 15.
Bxf5 gxf5 16. Be3 Ne4 17. Rad1 Rg8 18. Bf2 Bf6 19. c4 Qc7 20. b4 O-O-O 21. b5
Rg7 22. Re2 Rdg8 23. Be1 cxb5 24. cxb5 Kb8 25. Qb3 Rc8 26. Rb2 Bxe5 27. fxe5
Ng3 28. b6 axb6 29. Qxb6 Qxb6 30. Rxb6 Rgg8 31. Rdb1 Rc7 32. Bb4 Ne4 33. Ba5
Rgc8 34. Kh2 Rd7 35. R6b4 Rc2 36. a4 Nd2 37. Rd1 Nc4 38. Bb6 Nxb6 39. Rxb6 Rc4
40. a5 Ka7 41. Rd6 Rxd6 42. exd6 Rc6 43. d7 Rd6 44. g3 hxg3+ 45. Kxg3 Rxd7 46.
h4 Ka6 47. h5 Kxa5 48. h6 Kb5 49. h7 Rd8 50. Kf4 Rh8 51. Rh1 f6 52. d5 exd5 53.
Kxf5 d4 54. Kxf6 d3 55. Kg7 Rd8 56. h8=Q Rxh8 57. Kxh8 Kc4 58. Rc1+ Kb3 1/2-1/2

[Event "Znojemska rotunda 2003"]
[Site "?"]
[Date "????.??.??"]
[Round "9"]
[White "Komprda, Pavel"]
[Black "Kubicek, Pavel"]
[Result "0-1"]
[WhiteElo "2055"]
[BlackElo "1821"]
[PlyCount "110"]

1. e4 e6 2. d3 c5 3. Nf3 Nc6 4. g3 Be7 5. Bg2 Nf6 6. Nc3 d5 7. Qe2 d4 8. Nd1 e5
9. O-O O-O 10. Nd2 Bg4 11. f3 Be6 12. f4 exf4 13. gxf4 Bg4 14. Nf3 Qb6 15. Nf2
Bh5 16. Kh1 Rae8 17. Rg1 Bd6 18. Qd2 Bb8 19. Nh4 Ne7 20. Nh3 Ng6 21. Qf2 Kh8
22. Qg3 Bg4 23. e5 Bxh3 24. Qxh3 Ng8 25. Nf5 N6e7 26. Nxg7 Kxg7 27. Be4+ Ng6
28. f5 Rxe5 29. Bf4 Rxe4 30. Bxb8 Re3 31. Bg3 Qc6+ 32. Rg2 Re2 33. Rag1 Rxc2
34. Be5+ Nf6 35. Bxf6+ Kxf6 36. fxg6 hxg6 37. Qh6 Re8 38. Rf1+ Ke6 39. Qh3+ Ke7
40. Qh4+ Kd7 41. Rxf7+ Kc8 42. Qg4+ Kb8 43. Qg3+ Ka8 44. Rf1 Rxb2 45. Qxg6 Qxg6
46. Rxg6 b5 47. a4 c4 48. axb5 c3 49. Rg2 Rxb5 50. h4 Re3 51. Rg8+ Rb8 52. Rg7
c2 53. Rc7 Rb1 54. Kg2 Re2+ 55. Kg1 55... Rxf1+ {Jen pro zajimavost uvadim, ze
na partiari p. Kubicka je v kolonce, do ktere se obvykle uvadi jmeno bileho,
napsano: ZVIRE, POD MOSTEM 1. No comment. Roesner} 0-1

[Event "Znojemska rotunda 2003"]
[Site "?"]
[Date "????.??.??"]
[Round "9"]
[White "Svihel, Karel"]
[Black "Skaroupka, Jiri"]
[Result "1-0"]
[WhiteElo "2136"]
[BlackElo "2105"]
[PlyCount "77"]

1. c4 c6 2. d4 d5 3. Nf3 Nf6 4. Nc3 dxc4 5. a4 Bf5 6. e3 e6 7. Bxc4 Bb4 8. O-O
Nbd7 9. h3 O-O 10. g4 Bg6 11. Nh4 c5 12. Nxg6 hxg6 13. Qb3 cxd4 14. exd4 a5 15.
d5 Nc5 16. Qc2 Bxc3 17. dxe6 Be5 18. exf7+ Kh7 19. Be3 Rc8 20. Rad1 Qe7 21. f4
Bb8 22. Rfe1 Qe4 23. Qf2 Qxc4 24. Qh4+ Nh5 25. gxh5 g5 26. Qxg5 Rxf7 27. Rc1
Qa6 28. f5 Kg8 29. Rxc5 Rxc5 30. Bxc5 Qc6 31. Bd4 Bc7 32. Re6 Qxa4 33. Qg4 Qb5
34. h6 Qxf5 35. Re8+ Kh7 36. Qxf5+ Rxf5 37. hxg7 Rg5+ 38. Kf1 Rf5+ 39. Ke2 1-0

[Event "Znojemska rotunda 2003"]
[Site "?"]
[Date "????.??.??"]
[Round "9"]
[White "Dolezal, Rudolf"]
[Black "Most, Zdenek"]
[Result "1/2-1/2"]
[WhiteElo "1768"]
[BlackElo "2089"]
[PlyCount "87"]

1. e4 c5 2. c3 d5 3. exd5 Qxd5 4. d4 Nf6 5. Nf3 Bg4 6. Be2 e6 7. h3 Bh5 8. O-O
Nc6 9. Be3 {(=)} 9... cxd4 10. Nxd4 Bxe2 11. Qxe2 Be7 12. Nb5 Qe5 13. f4 Qb8
14. c4 O-O 15. N1c3 a6 16. Nd4 Qc7 17. Nxc6 Qxc6 18. Bd4 Rac8 19. b3 Rfd8 20.
Rad1 Rxd4 21. Rxd4 Bc5 22. Rfd1 h6 23. Kh1 Bxd4 24. Rxd4 Qc5 25. Qd3 Qc7 26. g3
{(=)} 26... g6 27. Kh2 Qa5 28. Qd2 Qf5 29. b4 h5 30. a3 Kg7 31. c5 Re8 32. Qd3
Qxd3 33. Rxd3 e5 34. fxe5 Rxe5 35. Kg2 Re1 36. Kf3 Rc1 37. Nd5 Nxd5 38. Rxd5
Rc3+ 39. Kg2 Rxa3 40. Rd7 Rc3 41. Rxb7 a5 42. bxa5 Rxc5 43. a6 Ra5 44. a7
1/2-1/2

[Event "Znojemska rotunda 2003"]
[Site "?"]
[Date "????.??.??"]
[Round "9"]
[White "Antos, Jakub"]
[Black "Kulovany, Radomir"]
[Result "1-0"]
[WhiteElo "1751"]
[BlackElo "1483"]
[PlyCount "105"]

1. e4 d5 2. exd5 Nf6 3. Bb5+ Bd7 4. Bc4 c6 5. dxc6 Nxc6 6. Nf3 Bg4 7. c3 e5 8.
d3 Bc5 9. Be3 Qb6 10. Bxc5 Qxc5 11. Nbd2 O-O 12. O-O Rad8 13. b4 Qb6 14. Qb3
Qc7 15. Rfe1 a6 16. a4 Rd7 17. Ng5 h6 18. Nge4 Rfd8 19. Nxf6+ gxf6 20. Ne4 Kg7
21. h3 Bf5 22. Qd1 Ne7 23. Qf3 Bxe4 24. Rxe4 Ng6 25. Rg4 h5 26. Rg3 e4 27. Qxe4
Qe5 28. Qxe5 fxe5 29. Re1 f6 30. Kf1 Kh6 31. Rf3 Rd6 32. g3 h4 33. Re4 hxg3 34.
fxg3 f5 35. Rxf5 Rxd3 36. Bxd3 Rxd3 37. Kf2 Rxc3 38. Rf7 b5 39. axb5 axb5 40.
Rb7 Rc2+ 41. Re2 Rc6 42. Rxb5 Re6 43. Re4 Kg5 44. Rc5 Kf5 45. Ke3 Ra6 46. Rec4
Ne7 47. g4+ Kg5 48. Rxe5+ Kf6 49. Ke4 Ra3 50. g5+ Kf7 51. Rc7 Rxh3 52. Rexe7+
Kf8 53. Rh7 1-0

[Event "Znojemska rotunda 2003"]
[Site "?"]
[Date "????.??.??"]
[Round "9"]
[White "Voborny, David"]
[Black "Divis, Jan"]
[Result "1-0"]
[WhiteElo "1729"]
[BlackElo "1681"]
[PlyCount "75"]

1. d4 Nf6 2. c4 g6 3. Nf3 Bg7 4. Nc3 d6 5. Bg5 O-O 6. e3 Bg4 7. Be2 Nbd7 8. h3
Bxf3 9. Bxf3 c6 10. O-O Qb6 11. Qd2 h6 12. Bh4 e5 13. Rad1 exd4 14. exd4 Rfe8
15. Bg3 Bf8 16. Bf4 Kh7 17. Be3 Qa5 18. Rb1 d5 19. cxd5 cxd5 20. Nxd5 Qxd2 21.
Bxd2 Ne4 22. Bc3 Bd6 23. Rfe1 Ng5 24. Be2 a6 25. Bd3 f5 26. h4 Ne4 27. Ba5 Rac8
28. Nb6 Nxb6 29. Bxb6 Bh2+ 30. Kxh2 Nxf2 31. Be2 Rc6 32. Ba5 Rc2 33. Bf3 Rxe1
34. Rxe1 Rxb2 35. d5 Rxa2 36. d6 Nd3 37. Re7+ Kg8 38. d7 1-0

[Event "Znojemska rotunda 2003"]
[Site "?"]
[Date "????.??.??"]
[Round "9"]
[White "Trmac, Radek"]
[Black "Svoboda, Jiri"]
[Result "0-1"]
[WhiteElo "1663"]
[BlackElo "1825"]
[PlyCount "106"]

1. Nf3 Nf6 2. g3 d5 3. c4 c6 4. d4 Bf5 5. cxd5 Nxd5 6. a3 e6 7. Bg2 Nd7 8. O-O
Be7 9. Nbd2 N7f6 10. Re1 Ne4 11. Nc4 O-O 12. Ne3 Nxe3 13. Bxe3 Qb6 14. Qc1 Rfd8
15. b4 Bf6 16. Ne5 Qb5 17. f4 Nd6 18. Bf2 Be4 19. Bxe4 Nxe4 20. e3 Bxe5 21.
fxe5 Ng5 22. Qd1 Qd5 23. e4 Nxe4 24. Be3 f5 25. exf6 Nxf6 26. Rc1 Qf5 27. Bf4
Rd5 28. Be5 Ng4 29. Qe2 Nxe5 30. dxe5 Rad8 31. Rcd1 Qg5 32. Qf3 Rf8 33. Qe4 Qf5
34. Qe3 Qf3 35. Rxd5 Qxe3+ 36. Rxe3 exd5 37. e6 g6 38. Kg2 Kg7 39. Kh3 Re8 40.
Kg4 Kf6 41. Rf3+ Kxe6 42. Kg5 d4 43. Rf6+ Kd5 44. Rf7 d3 45. Rxh7 Rd8 46. Rf7
d2 47. Rf1 Rd6 48. h4 Ke4 49. g4 d1=Q 50. Rxd1 Rxd1 51. h5 gxh5 52. gxh5 Ke5
53. Kg6 Rg1+ 0-1

[Event "Znojemska rotunda 2003"]
[Site "?"]
[Date "????.??.??"]
[Round "9"]
[White "Kireev, Aleksei"]
[Black "Adam, Petr sr"]
[Result "1/2-1/2"]
[WhiteElo "2276"]
[BlackElo "2086"]
[PlyCount "129"]

1. d4 d6 2. e4 g6 3. Nc3 Bg7 4. Bc4 Nf6 5. Bb3 c6 6. Nf3 O-O 7. O-O Nbd7 8. e5
8... Nd5 {(=)} 9. Nxd5 cxd5 10. exd6 e6 11. Bf4 Nb6 12. Ne5 Bd7 13. a4 Rc8 14.
a5 Nc4 15. Nxd7 Qxd7 16. Ba4 Qd8 17. d7 Ra8 18. a6 Nxb2 19. Qc1 Nxa4 20. axb7
Qxd7 21. bxa8=Q Rxa8 22. Qa3 Nb6 23. c3 a5 24. Qd6 Qxd6 25. Bxd6 a4 26. Rfb1
Nc4 27. Rb8+ Rxb8 28. Bxb8 a3 29. Bf4 h6 30. g4 g5 31. Bb8 31... f6 {(=)} 32.
Kf1 Kf7 33. Ke2 Ke8 34. Kd3 Kd7 35. Kc2 Bf8 36. Rd1 Be7 37. Kb3 Nb2 38. Rf1 Nc4
39. Rd1 Nb2 40. Rd2 Nc4 41. Re2 Bf8 42. Bg3 f5 43. gxf5 exf5 44. Bb8 g4 45. Ka2
h5 46. f3 Bh6 47. fxg4 hxg4 48. Bg3 Bg5 49. Be1 Be3 50. h3 gxh3 51. Rh2 Ke6 52.
Rxh3 f4 53. Rh8 Kf5 54. Rd8 Ke4 55. Re8+ Kd3 56. Rd8 Ke2 57. Bh4 Bf2 58. Bxf2
Kxf2 59. Rxd5 f3 60. Kb3 Ke2 61. Rf5 f2 62. Rxf2+ Kxf2 63. d5 Ke3 64. d6 Nxd6
65. Kxa3 1/2-1/2

[Event "Znojemska rotunda 2003"]
[Site "?"]
[Date "????.??.??"]
[Round "9"]
[White "Majer, Jiri"]
[Black "Kulovany, Radek"]
[Result "1/2-1/2"]
[WhiteElo "1572"]
[BlackElo "1450"]
[PlyCount "60"]

1. c4 c5 2. Nc3 Nc6 3. e3 e6 4. d4 d5 5. cxd5 cxd4 6. dxc6 dxc3 7. Qa4 bxc6 8.
Qxc6+ Bd7 9. Qxc3 Qb6 10. Bd2 Rc8 11. Bc4 Nf6 12. Qc2 Bc6 13. f3 Rd8 14. Rd1
Bc5 15. Kf2 O-O 16. Ne2 Rd7 17. Nc3 Rb8 18. b3 Rc8 19. Bc1 19... Rdc7 {
Pozoruhodna pozice, jeste nikdy jsem nevidel takovy pretlak na sloupci c.
Roesner} 20. Rd3 Bd5 21. Na4 Qc6 22. Nxc5 Qxc5 23. Rhd1 Bxc4 24. bxc4 Qxc4 25.
Qxc4 Rxc4 26. e4 h6 27. Be3 Rc2+ 28. R1d2 a6 29. Ra3 Rxd2+ 30. Bxd2 Rc6 1/2-1/2

[Event "Znojemska rotunda 2003"]
[Site "?"]
[Date "????.??.??"]
[Round "9"]
[White "Dvorak, Miloslav"]
[Black "Ruzicka, Frantisek"]
[Result "0-1"]
[WhiteElo "1541"]
[BlackElo "1679"]
[PlyCount "82"]

1. d4 Nf6 2. c4 g6 3. Nc3 Bg7 4. e4 d6 5. h3 O-O 6. g4 Nc6 7. Be3 e5 8. d5 Ne7
9. f4 exf4 10. Bxf4 Kh8 11. Qd2 a6 12. Bh6 Bd7 13. Bxg7+ Kxg7 14. Qd4 h6 15.
O-O-O Neg8 16. Be2 Kh7 17. Rf1 b5 18. cxb5 axb5 19. Bxb5 Bxb5 20. Nxb5 Rxa2 21.
Nc3 Ra1+ 22. Nb1 Nd7 23. Nf3 Nc5 24. Nfd2 Qg5 25. Kc2 Ra4 26. Nc4 Ne7 27. Nc3
Rb4 28. Rf3 Nb3 29. Qd3 c5 30. dxc6 Nxc6 31. Ne2 Rxc4+ 32. Qxc4 Qd2+ 33. Kxb3
Na5+ 34. Ka2 Nxc4 35. Rb3 Qa5+ 36. Ra3 Nxa3 37. Nc3 Nb5+ 38. Kb3 Nxc3 39. bxc3
Rb8+ 40. Kc2 Qa2+ 41. Kd3 Rb2 0-1

[Event "Znojemska rotunda 2003"]
[Site "?"]
[Date "????.??.??"]
[Round "9"]
[White "Dvorak, Libor"]
[Black "Kulovana, Eva"]
[Result "0-1"]
[WhiteElo "2074"]
[BlackElo "2039"]
[PlyCount "54"]

1. Nf3 Nf6 2. c4 e6 3. g3 d5 4. Bg2 Be7 5. O-O O-O 6. b3 b6 7. Bb2 Bb7 8. Nc3
d4 9. Nb5 c5 10. e3 a6 11. Na3 d3 12. Ne5 Bxg2 13. Kxg2 Qd6 14. Re1 Nc6 15.
Nxc6 Qxc6+ 16. Qf3 Ne4 17. Rad1 f5 18. Kg1 Bf6 19. Bxf6 Rxf6 20. Qg2 Rh6 21.
Rf1 b5 22. f3 Ng5 23. h4 Nf7 24. Rde1 b4 25. Nb1 Rf8 26. e4 f4 27. gxf4 Rg6 0-1

[Event "Znojemska rotunda 2003"]
[Site "?"]
[Date "????.??.??"]
[Round "9"]
[White "Kosik, Jaroslav"]
[Black "Rulfova, Zuzana"]
[Result "1/2-1/2"]
[WhiteElo "1422"]
[BlackElo "1371"]
[PlyCount "77"]

1. e4 e5 2. Nf3 Nc6 3. d4 exd4 4. Nxd4 Nf6 5. f3 Bc5 6. c3 a6 7. Be3 Bb6 8. Bd3
O-O 9. O-O Re8 10. Kh1 d5 11. Nxc6 bxc6 12. Bxb6 cxb6 13. Nd2 dxe4 14. Nxe4 Bf5
15. Nxf6+ Qxf6 16. Qc2 Bxd3 17. Qxd3 b5 18. Rfe1 h6 19. Rxe8+ Rxe8 20. Rd1 Qe7
21. Kg1 Qe2 22. Qd2 Qe6 23. b3 a5 24. Kf1 b4 25. c4 c5 26. Re1 Qc8 27. Rxe8+
Qxe8 28. Qd5 Qc8 29. g4 Qf8 30. h4 Qe7 31. Qa8+ Kh7 32. Qe4+ Qxe4 33. fxe4 f6
34. h5 g5 35. Kf2 Kg7 36. Ke3 Kf7 37. Kf3 Ke6 38. Kf2 Ke5 39. Ke3 1/2-1/2

[Event "Znojemska rotunda 2003"]
[Site "?"]
[Date "????.??.??"]
[Round "9"]
[White "Jurica, Peter"]
[Black "Holemar, David"]
[Result "1/2-1/2"]
[WhiteElo "2163"]
[BlackElo "2311"]
[PlyCount "28"]

1. Nf3 Nf6 2. d4 c5 3. g3 cxd4 4. Nxd4 a6 5. Bg2 e6 6. O-O Qc7 7. e4 d6 8. b3
Be7 9. Bb2 O-O 10. c4 Nbd7 11. Nc3 Rb8 12. Qe2 Re8 13. f4 Bf8 14. Rae1 e5
1/2-1/2

[Event "Znojemska rotunda 2003"]
[Site "?"]
[Date "????.??.??"]
[Round "9"]
[White "Havel, Vojtech"]
[Black "Petlak, Josef"]
[Result "1/2-1/2"]
[WhiteElo "1364"]
[BlackElo "1923"]
[PlyCount "70"]

1. d4 d5 2. c4 e5 3. e3 exd4 4. exd4 Nf6 5. Nf3 Bg4 6. b3 Bb4+ 7. Bd2 Qe7+ 8.
Qe2 Bxf3 9. Bxb4 Bxe2 10. Bxe7 Kxe7 11. Bxe2 Nbd7 12. Nc3 c6 13. O-O Rhe8 14.
Rfe1 Kf8 15. Bf3 Nb6 16. Be2 Re7 17. Bd3 Rae8 18. Rxe7 Rxe7 19. Kf1 Rd7 20. Rd1
dxc4 21. Bxc4 Nbd5 22. Nxd5 Nxd5 23. a3 Ke7 24. Re1+ Kd6 25. Re5 f6 26. Re4 h6
27. Ke1 Nc3 28. Re3 Re7 29. Rxe7 Kxe7 30. a4 b5 31. axb5 cxb5 32. Bd3 Kd6 33.
Kd2 b4 34. Bc4 a5 35. Kc2 Ne4 1/2-1/2